00359nam a2200145Ia 4500003000400000005001700004008004000021040001000061041001200071082001600083100002000099245005200119260003100171300001100202OSt20220516145213.0210210b2005 xxu||||| |||| 00| 0 eng d aALc  aEnglish a657.46 MEHB aMEHROTRA (H C). aBusiness taxation I: for final year Bcom degree aAgrabSahitya Bhavanc2005 a607.iv